| 000 | 00812nam0a22002531 4500 | ||
|---|---|---|---|
| 001 | rc\723095 | ||
| 005 | 20250621230229.0 | ||
| 035 | _a(NLR Aleph) 005966361 | ||
| 090 |
_a6898057 _c6898057 |
||
| 100 | _a20031121d1997 |||y0rusy50 ca | ||
| 101 | 0 | _arus | |
| 102 | _aRU | ||
| 105 | _aa ||||||||| | ||
| 200 | 1 |
_aНа пути к творчеству _eУчеб.-метод. пособие _fС.П. Руссков |
|
| 205 | _a2-е изд., перераб. и доп. | ||
| 210 |
_aЧебоксары _cЧуваш. кн. изд-во _d1997 |
||
| 215 |
_a143 с. _cил. _d20 |
||
| 320 | _aБиблиогр.: с. 140-142 | ||
| 700 | 1 |
_aРуссков _bС.П. _gСтанислав Пименович |
|
| 801 | 0 |
_aRU _bNLR _gpsbo |
|
| 801 | 1 |
_aRU _bELAR _2rusmarc |
|
| 852 |
_aNLR _j98-3/5515 |
||
| 942 | _cBOOK | ||
| 980 | _aNB | ||